000 00571nam a2200217Ia 4500
003 OSt
005 20220928145320.0
006 a|||||r|||| 00| 0
007 ta
008 220927b |||||||| |||| 00| 0 eng d
024 _a80105
037 _cTextual
040 _aSDCL
_cSDCL
_beng
041 _2eng
_aeng
082 _aO-,2M881:g, L9
100 _aChothia Jean
_9512568
245 0 _aForging a language
_b A study of the plays of Eugene O'Neill
260 _c1979
942 _hO-,2M881:g, L9
_cTEXL
_2CC
999 _c833160
_d833160